Scuola per genitori. (Record n. 209352)

Dettagli MARC
000 -LEADER
campo di controllo lung. fissa 00788nam a2200229Ia 4500
001 - Numero di controllo
campo di controllo dd10-1672 [d000001723]
003 - Identificatore del numero di controllo
campo di controllo IT-MiCISF
005 - Data e orario dell'ultima transazione
campo di controllo 20230302123303.0
008 - Elementi di lunghezza fissa--Informazione generale
campo di controllo lung. fissa 161014s9999||||xx |||||||||||||| ||und||
040 ## - Fonte della catalogazione
Agenzia catalografica originale IT-MiCISF
Agenzia che fa la trascrizione IT-MiCISF
041 ## - Codice di lingua
Codice di lingua del testo/traccia sonora o titolo separato it
100 ## - Accesso principale -- nome di persona
Nome di persona Pati Luigi (et al.)
9 (RLIN) 57707
245 #0 - Formulazione del titolo
Titolo Scuola per genitori.
Complemento del titolo Formazione alla vita di coppia e alla famiglia
260 ## - Pubblicazione, distribuzione, ecc. (stampa)
Luogo di pubblicazione, distribuzione, ecc. Brescia
Nome dell'editore, distributore, ecc. Istituto Pro familia
Data di pubblicazione, distribuzione, ecc. 1993
300 ## - Descrizione fisica
Estensione pp. 162
500 ## - Nota generale
Nota generale / educazione-genitori, educazione-familiare, matrimonio, progetto, esperienze /
650 ## - Accesso aggiunto di soggetto--termine topico
Termine topico o nome geografico come accesso educazione
9 (RLIN) 56062
654 ## - Accesso aggiunto di soggetto--termini topici faccettati
Termine principale divulgazione
700 ## - Accesso aggiunto--nome di persona
Nome di persona Bernacchia R., Bresciani C., Capra G., Galli N., Paganuzzi A., Scarpellini C., Vico G., Valetti Bonini I.
9 (RLIN) 59501
942 ## - Dati aggiuntivi (Koha)
Tipo copia default (Koha) DOCUMENTI
Fonte della classificazione o dello schema di collocazione (segnatura) Dewey Decimal Classification
999 ## - Sys Number locale (Koha)
Koha Dewey Subclass [OBSOLETE] si
Dati di copia
Ritirato (status) Perso (status) Danneggiato (status) Non per il presito Biblioteca proprietaria Biblioteca in cui si trova Data d'acquisizione Totale prestiti Collocazione Data ultima operazione Prezzo in vigore dal Tipo copia default (Koha) Nota pubblica
    Buone Condizioni Not For Loan CISF - Milano CISF - Milano 14/10/2016   dd10-1672 [d000001723] 14/10/2016 14/10/2016 LIBRO Data import 15.10.2016 / by Epidotti, Vaglietti
CREDITS: SOCIETA' SAN PAOLO Via A.Severo, 58 - ROMA (RM) & PERIODICI SAN PAOLO SRL Via Giotto, 36 MILANO & CISF Via Giotto, 36 MILANO & EDIZIONI SAN PAOLO SRL,  Piazza Soncino, 5 CINISELLO BALSAMO (MI) -- ITALY